Nacionalidades y regiones en la Unión Europea / (Record no. 15263)

MARC details
000 -LEADER
campo de control de longitud fija 00800nam a2200265 i 4500
001 - NÚMERO DE CONTROL
campo de control 15263
003 - IDENTIFICADOR DE NÚMERO DE CONTROL
campo de control ES-MaACL
005 - FECHA Y HORA DE LA ÚLTIMA TRANSACCIÓN
campo de control 20250815083909.0
007 - CAMPO FIJO DE DESCRIPCIÓN FÍSICA--INFORMACIÓN GENERAL
campo de control de longitud fija t|
008 - DATOS DE LONGITUD FIJA--INFORMACIÓN GENERAL
campo de control de longitud fija 000210s1999 sp ||||1| spa d
020 ## - NÚMERO INTERNACIONAL ESTÁNDAR DEL LIBRO
Número Internacional Estándar del Libro 84-245-0803-3
080 ## - NÚMERO DE LA CLASIFICACIÓN DECIMAL UNIVERSAL
Número de la Clasificación Decimal Universal 323.174(4)(082)
080 ## - NÚMERO DE LA CLASIFICACIÓN DECIMAL UNIVERSAL
Número de la Clasificación Decimal Universal 342.71(4)(082)
245 00 - MENCIÓN DEL TÍTULO
Título Nacionalidades y regiones en la Unión Europea /
Mención de responsabilidad, etc. Francisco Letamendía (coordinador).
250 ## - MENCION DE EDICION
Mención de edición 1ª ed.
260 ## - PUBLICACIÓN, DISTRIBUCIÓN, ETC.
Lugar de publicación, distribución, etc. Madrid :
Nombre del editor, distribuidor, etc. Fundamentos,
Fecha de publicación, distribución, etc. 1999.
300 ## - DESCRIPCIÓN FÍSICA
Extensión 286 p. ;
Dimensiones 20 cm.
490 1# - MENCIÓN DE SERIE
Mención de serie Ciencia. Serie política ;
Designación de volumen o secuencia 226
650 ## - PUNTO DE ACCESO ADICIONAL DE MATERIA--TÉRMINO DE MATERIA
Término de materia o nombre geográfico como elemento de entrada Regionalismo-
Subdivisión geográfica Europa.
9 (RLIN) 16752
650 #4 - PUNTO DE ACCESO ADICIONAL DE MATERIA--TÉRMINO DE MATERIA
Término de materia o nombre geográfico como elemento de entrada Nacionalidad-
Subdivisión geográfica Europa.
9 (RLIN) 15437
700 1# - ENTRADA AGREGADA--NOMBRE PERSONAL
Nombre de persona Letamendía, Francisco.
9 (RLIN) 71874
830 10 - PUNTO DE ACCESO ADICIONAL DE SERIE-TÍTULO UNIFORME
Título uniforme Ciencia.
Nombre de parte o sección de la obra Política
Designación de volumen o secuencia 226
9 (RLIN) 183323
852 ## - LOCALIZACIÓN
Ubicación ES-MaACL
Número de control de estantería L-22555
Holdings
Estatus retirado Estado de pérdida Estado de daño No para préstamo Biblioteca de origen Biblioteca actual Ubicación en estantería Fecha de adquisición Fuente de adquisición Total de préstamos Signatura topográfica completa Código de barras Visto por última vez Precio de reemplazo Tipo de ítem Koha
        Biblioteca del Ateneo de Madrid Biblioteca del Ateneo de Madrid Depósito 2 17/01/2008     L-22555 1015520 23/02/2023 23/02/2023 Libro impreso